000
00243nam a22001217a 4500
082
_a
474
_b
GNN/M
100
_a
GNJANRANJAN
245
_a
MERY PRIYA KAHANIYAM
260
_a
DELHI
_b
RAJPAL
300
_a
127
650
_a
STORY
_z
DELHI
942
_c
BK
999
_c
4708
_d
4708